Reuniones de padres: una estrategia para provocar cambios, cómo hacer de la reunión un encuentro constructivo y dinámico

Guardat en:
Dades bibliogràfiques
Autors principals: Micheli, Inés (autora), Reynoso, Cecilia S (Autor)
Format: Llibre
Idioma:espanyol
Publicat: Buenos Aires Lumen Humanitas 2000
Matèries:
Etiquetes: Afegir etiqueta
Sense etiquetes, Sigues el primer a etiquetar aquest registre!

MARC

LEADER 00000nam a2200000 a 4500
001 UCN8851
003 CL-VaPUC
008 011123e20000000AG |||||||||||||||||spa|d
082 0 4 |a 371.192  |b MIC  |2 21 
100 |a Micheli, Inés  |e autora  |9 465407 
700 0 |a Reynoso, Cecilia S  |e author  |9 465408 
245 1 0 |a Reuniones de padres: una estrategia para provocar cambios, cómo hacer de la reunión un encuentro constructivo y dinámico 
300 |a 141 p 
942 |c BK 
945 |d 20011123 00:00:00  |a vberengu 
260 |a Buenos Aires  |b Lumen Humanitas  |c 2000 
650 7 |a PARTICIPACION DE LOS PADRES  |2 CL-VaPUC  |9 465409 
650 7 |a RELACION PADRES DOCENTES  |2 CL-VaPUC  |9 449340 
650 7 |a RESPONSABILIDAD DE LOS PADRES  |2 CL-VaPUC  |9 465410 
583 |a last modification  |c 20011123 00:00:00  |k Rodrigo Vera 
999 |c 298592  |d 298590 
952 |0 0  |1 0  |4 0  |6 371_192000000000000_MIC_2000  |7 0  |8 A  |9 354293  |a BIBEDU  |b BIBEDU  |d 2019-11-21  |i 3775798  |o 371.192 MIC 2000  |p 3775798  |r 2019-11-21  |w 2019-11-21  |y BK  |k EPE